Szczegóły MARC21

Strategia lean : dlaczego w wielkich firmach ludzie nie mogą doczekać się poniedziałków /

003 -Nazwa inst., której nr kontr. jest w polu 001 [,]
    • @
    • Nazwa instytucji, której n kontrolny jest w polu 001
    • NUKAT
005 -DATA I CZAS OSTATNIEJ MODYFIKACJI [,]
    • @
    • pole kontrolne
    • 20241231091851.0
020 -Międzynarod. znormalizowany nr książki - ISBN [ , ]
    • a
    • Numer ISBN
    • 9788395242502 Find
040 -Instytucja sporządzająca opis [ , ]
    • a
    • Instytucja, która sporządziła opis (NP)
    • SZCZ U/ML
    • b
    • Język katalogowania
    • pol
    • e
    • Zasady katalogowania
    • rda
    • c
    • Instytucja, która sporządziła rekord (NP)
    • SZCZ U/MLs
    • d
    • Instytucja, która zmodyfikowała rekord (P)
    • GL 001/ ER
942 -Rodzaj dokumentu [ , ]
    • c
    • Rodzaj dokumentu
    • Książka
100 -Hasło główne - nazwa osobowa [1, ]
    • a
    • Nazwa osobowa (NP)
    • Drzewiecki, Radosław.
    • e
    • Rodzaj współpracy
    • Autor
    • 9
    • KHW
    • 513230
245 -Strefa tytułu i oznaczenia odpowiedzialności [1,0]
    • a
    • Tytuł
    • Strategia lean : Find
    • b
    • Ciąg dalszy tytułu (NP)
    • dlaczego w wielkich firmach ludzie nie mogą doczekać się poniedziałków / Find
    • c
    • Pozostałe elementy strefy tytułu i oznaczenia odpowiedzialności (NP)
    • Radek Drzewiecki ; ilustracje Adam Tromsa.
246 -Wariant tytułu [3,0]
    • a
    • Tytuł (NP)
    • Dlaczego w wielkich firmach ludzie nie mogą doczekać się poniedziałków
250 -Strefa wydania [ , ]
    • a
    • Oznaczenie wydania (NP)
    • Wydanie I (dodruk).
260 -Strefa adresu wydawniczego [ , ]
    • a
    • Miejsce wydania (P)
    • [Walendów] :
    • b
    • Nazwa wydawcy (P)
    • Drzewiecki Radosław Leanpassion,
    • c
    • Data wydania (P)
    • 2018.
300 -Strefa opisu fizycznego [ , ]
    • a
    • Określenie formy książki i/lub objętość (NP)
    • 391 stron, 16 stron tablic, [1] karta tablic złożona :
    • b
    • Oznaczenie ilustracji (NP)
    • ilustracje ;
    • c
    • Format (NP)
    • 24 cm.
336 -Typ zawartości [ , ]
    • a
    • Termin opisujący typ zawartości
    • Tekst
    • b
    • Kod określający zawartość
    • txt
    • 2
    • Źródło (terminu i kodu)
    • rdacontent
337 -Typ mediów [ , ]
    • a
    • Tryb odtwarzania
    • Bez urządzenia pośredniczącego
    • b
    • Kod typu mediów
    • n
    • 2
    • Źródło (terminu i kodu)
    • rdamedia
338 -Typ/rodzaj nośnika [ , ]
    • a
    • Hasło opisujące typ nośnika
    • Wolumin
    • b
    • Kod typu nośnika
    • nc
    • 2
    • Źródło (terminu i kodu)
    • rdacarrier
500 -Uwaga ogólna [ , ]
    • a
    • Uwaga ogólna (NP)
    • Na okładce: Część 1 zrozumieć problem: wielka piątka patologii biznesowych. Część 2 rozwiązać problem: pięć kroków transformacji strategicznej.
500 -Uwaga ogólna [ , ]
    • a
    • Uwaga ogólna (NP)
    • Miejsce wydania według BNPol.
650 -Hasło przedmiotowe [ ,7]
    • a
    • Hasło przedmiotowe
    • Skuteczność organizacyjna.
    • 2
    • Źródło terminu
    • kaba
    • 9
    • KHW
    • 130327
650 -Hasło przedmiotowe [ ,7]
    • a
    • Hasło przedmiotowe
    • Zarządzanie przedsiębiorstwem.
    • 2
    • Źródło terminu
    • kaba
    • 9
    • KHW
    • 137518
650 -Hasło przedmiotowe [ ,7]
    • a
    • Hasło przedmiotowe
    • Odchudzona produkcja.
    • 2
    • Źródło terminu
    • kaba
    • 9
    • KHW
    • 192391
700 -Hasło dodatkowe - nazwa osobowa [1, ]
    • a
    • Nazwa osobowa (NP)
    • Tromsa, Adam. Find
    • e
    • Określenie rodzaju współpracy
    • Ilustracje
    • 9
    • KHW
    • 513231
710 -Hasło dodatkowe - nazwa ciała zbiorowego [2, ]
    • a
    • Nazwa ciała zbiorowego lub nazwa geograficzna jako pierwszy element (NP)
    • Drzewiecki Radosław Leanpassion.
    • e
    • Rodzaj współpracy
    • Wydawca
    • 4
    • Kod relacji
    • pbl
    • 9
    • KHW
    • 556207
920 -ISBN [ , ]
    • a
    • ISBN
    • 978-83-952425-0-2 Find
930 -NUKAT - Powiązanie tytułówki z wydaw. ciągłym [ , ]
    • a
    • Szukaj w serii
    • Uwaga NUKAT! Nie dublet rek. xx004473380 (dodruk)
Lokalizacja Data inwentaryzacji Sygnatura Numer inwentarzowy Status udost.
T2019-11-06T.20789T.20789-2